00000000nam 2200000zi 4500
0019.942486
003CaOODSP
00520251031142449
006m     o  d f      
007cr cn|||||||||
008240827t20242024oncdab  ob   f000 0 eng d
020 |a9780660733555
040 |aCaOODSP|beng|erda|cCaOODSP
043 |an-cn---
0861 |aM183-2/9210E-PDF
24510|aTill geochemistry and indicator-mineral methods for exploration in glaciated terrains / |cedited by R.C. Paulen and M.B. McClenaghan.
264 1|a[Ottawa] : |bGeological Survey of Canada, |c2024.
264 4|c©2024
300 |a1 online resource (157 pages) : |bcharts, illustrations, maps.
336 |atext|btxt|2rdacontent
337 |acomputer|bc|2rdamedia
338 |aonline resource|bcr|2rdacarrier
4901 |aOpen file, |x2816-7155 ; |v9210
504 |aIncludes bibliographical references.
650 0|aGlacial landforms|zCanada.
650 0|aGeochemistry|zCanada.
650 6|aGéomorphologie glaciaire|zCanada.
650 6|aGéochimie|zCanada.
7001 |aPaulen, Roger C., |d1970-
7102 |aGeological Survey of Canada, |eissuing body.
830#0|aOpen file (Geological Survey of Canada)|x2816-7155 ; |v9210.|w(CaOODSP)9.506878
85640|qPDF|s172 MB|uhttps://publications.gc.ca/collections/collection_2025/rncan-nrcan/m183-2/M183-2-9210-eng.pdf
8564 |qHTML|sN/A|uhttps://doi.org/10.4095/pbmy2d03m0